000 01514 a2200301 4500
003 Nust
005 20220801125417.0
010 _a 2006922620
020 _a1846283280 (cased)
020 _a1846283299 (ebook)
020 _a9781846283284
035 _a(OCoLC)ocm70397985
040 _cNust
082 0 4 _a519.6,BRO
100 1 _aBroersen, Piet M. T.
_996045
245 1 0 _aAutomatic Autocorrelation and Spectral Analysis /
_cPiet M.T. Broersen.
260 _aBerlin ;
_aLondon :
_bSpringer,
_c2006.
300 _axii, 298 p. :
_bill. ;
_c25 cm.
505 _aIntroduction (Page-1), Basic Concepts (Page-11), Period gram and Lagged Product Autocorrelation (Page-29), ARMA Theory (Page-59), Relation for Time Series Models (Page-89), Estimation of Time Series Models (Page-117), AR order Selection (Page-167), MA and ARMA order Selection (Page-209), ARMASA Toolbox with Application (Page-223), Advanced Topics in Time Series Estimation (Page-251).
650 0 _aAutocorrelation (Statistics)
_996046
650 0 _aSignal processing
_xStatistical methods.
_983383
650 0 _aSpectrum analysis
_xStatistical methods.
_996047
650 0 _aTime-series analysis.
856 4 2 _3Contributor biographical information
_uhttp://www.loc.gov/catdir/enhancements/fy0824/2006922620-b.html
856 4 2 _3Publisher description
_uhttp://www.loc.gov/catdir/enhancements/fy0663/2006922620-d.html
856 4 2 _3Table of contents only
_uhttp://www.loc.gov/catdir/enhancements/fy0824/2006922620-t.html
942 _cREF
_2ddc
999 _c189490
_d189490